[Event "18th Capablanca Memorial group B"]
[Site "Cienfuegos CUB"]
[Date "1983.05.??"]
[Round "1"]
[White "Lukacs, Peter"]
[Black "Velez Betancourt, Nestor"]
[Result "1/2-1/2"]
[WhiteElo "2460"]
[BlackElo "2370"]
[EventDate "1983.05.??"]
[PlyCount "58"]

1.d4 g6 2.c4 Bg7 3.Nc3 c5 4.d5 f5 5.g3 d6 6.Bg2 Nd7 7.Nh3 Bxc3+ 8.bxc3 Qa5
9.Qb3 Nb6 10.O-O Qa6 11.Qb5+ Bd7 12.Qxa6 bxa6 13.Nf4 Nxc4 14.e4 Nf6 15.
exf5 Bxf5 16.Re1 Kd7 17.Ne6 Rab8 18.Ng7 Nb6 19.Nxf5 gxf5 20.Bh3 Nfxd5 21.
Bxf5+ Kc7 22.Re6 Rbf8 23.g4 Rhg8 24.Kh1 h5 25.f3 Rxf5 26.gxf5 Rf8 27.Bg5 
Rxf5 28.Bxe7 Kd7 29.Rae1 Nc4 1/2-1/2

[Event "18th Capablanca Memorial group B"]
[Site "Cienfuegos CUB"]
[Date "1983.05.??"]
[Round "1"]
[White "Pinal Borges, Nelson"]
[Black "Vogt, Lothar"]
[Result "1/2-1/2"]
[WhiteElo "2405"]
[BlackElo "2510"]
[EventDate "1983.05.??"]
[PlyCount "55"]

1.e4 c5 2.Nf3 e6 3.Nc3 d6 4.d4 cxd4 5.Qxd4 Nc6 6.Bb5 Bd7 7.Bxc6 Bxc6 8.Bg5
Nf6 9.O-O-O Be7 10.Rhe1 O-O 11.Kb1 Qa5 12.Qd2 Kh8 13.Nd4 Rfd8 14.f3 Be8 
15.g4 Rac8 16.h4 Rc4 17.Be3 Rdc8 18.Nb3 Qc7 19.g5 Nh5 20.Qd3 a6 21.Rc1 b5 
22.Nd2 Rc6 23.Ne2 e5 24.Nc3 Qb7 25.Nd5 a5 26.c3 Ra6 27.Rc2 Bc6 28.Rec1 
1/2-1/2

[Event "18th Capablanca Memorial group B"]
[Site "Cienfuegos CUB"]
[Date "1983.05.??"]
[Round "1"]
[White "Garcia Martinez, Silvino"]
[Black "Lebredo Zarragoitia, Gerardo"]
[Result "1/2-1/2"]
[WhiteElo "2435"]
[BlackElo "2350"]
[EventDate "1983.05.??"]
[PlyCount "58"]

1.e4 e6 2.d4 d5 3.Nc3 Bb4 4.Ne2 dxe4 5.a3 Bxc3+ 6.Nxc3 Nc6 7.Bb5 Ne7 8.Be3
O-O 9.Qd2 f5 10.O-O-O Nd5 11.Nxd5 exd5 12.Bxc6 bxc6 13.Bf4 Rb8 14.h4 Ba6 
15.Rh3 Rf7 16.h5 h6 17.Rdh1 Qf8 18.Rg3 Kh7 19.Rg6 Rb6 20.Rh3 Rd7 21.Be5 c5
22.dxc5 Qxc5 23.Qf4 Bd3 24.Rxg7+ Rxg7 25.Qxf5+ Kg8 26.Qc8+ Kh7 27.Qf5+ Kg8
28.Qc8+ Kh7 29.Qf5+ Kg8 1/2-1/2

[Event "18th Capablanca Memorial group B"]
[Site "Cienfuegos CUB"]
[Date "1983.05.??"]
[Round "1"]
[White "Vera Gonzalez, Reynaldo"]
[Black "Vilela de Acuna, Jose Luis"]
[Result "1/2-1/2"]
[WhiteElo "2420"]
[BlackElo "2440"]
[EventDate "1983.05.??"]
[PlyCount "49"]

1.Nf3 Nf6 2.c4 e6 3.Nc3 Bb4 4.Qc2 O-O 5.a3 Bxc3 6.Qxc3 b6 7.e3 Bb7 8.Be2 
d6 9.b4 Nbd7 10.Bb2 Qe7 11.O-O Rfc8 12.d3 c5 13.b5 a6 14.a4 axb5 15.axb5 
Qf8 16.Nd2 Rxa1 17.Rxa1 Ra8 18.Qc1 Rxa1 19.Qxa1 Qa8 20.g4 Qxa1+ 21.Bxa1 
Ne8 22.f4 f6 23.h4 Kf7 24.Kf2 Ke7 25.Bb2 1/2-1/2

[Event "18th Capablanca Memorial group B"]
[Site "Cienfuegos CUB"]
[Date "1983.05.??"]
[Round "2"]
[White "Garcia Palermo, Carlos"]
[Black "Lukacs, Peter"]
[Result "0-1"]
[WhiteElo "2455"]
[BlackElo "2460"]
[EventDate "1983.05.??"]
[PlyCount "43"]

1.d4 Nf6 2.c4 e6 3.Nc3 Bb4 4.Qc2 O-O 5.a3 Bxc3+ 6.Qxc3 b6 7.Nf3 Bb7 8.e3 
d6 9.b4 Nbd7 10.Bb2 Ne4 11.Qc2 Ng5 12.Nd2 f5 13.f3 Nf7 14.c5 bxc5 15.bxc5 
Rb8 16.Be2 Nf6 17.O-O Nd5 18.Nc4 Bc6 19.Rfe1 Qh4 20.Rac1 Ng5 21.Ba1 Rf6 
22.Bf1 0-1

[Event "18th Capablanca Memorial group B"]
[Site "Cienfuegos CUB"]
[Date "1983.05.??"]
[Round "2"]
[White "Vogt, Lothar"]
[Black "Lukov, Valentin"]
[Result "1/2-1/2"]
[WhiteElo "2510"]
[BlackElo "2430"]
[EventDate "1983.05.??"]
[PlyCount "88"]

1.e4 c5 2.Nf3 Nc6 3.d4 cxd4 4.Nxd4 Qb6 5.Nb3 Nf6 6.Nc3 e6 7.Bd3 a6 8.O-O 
Be7 9.a4 Qc7 10.f4 d6 11.Be3 b6 12.Qf3 Bb7 13.Rae1 Nb4 14.Nd4 O-O 15.Kh1 
Nd7 16.Qg3 Bf6 17.Nd1 Rae8 18.Nf2 Qd8 19.Re2 Bh4 20.Qh3 Nc5 21.Bd2 Nbxd3 
22.cxd3 Bxf2 23.Rfxf2 f5 24.b4 Qf6 25.e5 dxe5 26.bxc5 exd4 27.cxb6 e5 28.
fxe5 Rxe5 29.Rxe5 Qxe5 30.Qg3 Qe6 31.a5 h6 32.h3 Kh7 33.Qf4 Qd5 34.Re2 Rf6
35.Qe5 Qb3 36.Rf2 Qxd3 37.Kh2 Rg6 38.Bf4 Qe4 39.Bg3 Qxe5 40.Bxe5 d3 41.Bf4
Rc6 42.Bd2 Rc2 43.Kg3 Kg6 44.Kf4 Kf6 1/2-1/2

[Event "18th Capablanca Memorial group B"]
[Site "Cienfuegos CUB"]
[Date "1983.05.??"]
[Round "2"]
[White "Lebredo Zarragoitia, Gerardo"]
[Black "Pinal Borges, Nelson"]
[Result "1/2-1/2"]
[WhiteElo "2350"]
[BlackElo "2405"]
[EventDate "1983.05.??"]
[PlyCount "48"]

1.e4 c5 2.Nc3 Nc6 3.g3 g6 4.Bg2 Bg7 5.d3 e6 6.Be3 d6 7.Qd2 Nd4 8.f4 Ne7 9.
Nf3 Rb8 10.O-O O-O 11.Nh4 f5 12.Nd1 b6 13.c3 Ndc6 14.d4 cxd4 15.cxd4 fxe4 
16.Bxe4 Qd7 17.Rc1 Bb7 18.Nc3 Na5 19.Bxb7 Nc4 20.Qe2 Nxe3 21.Qxe3 Rxb7 22.
Rfe1 Rc7 23.Nf3 Nf5 24.Qd3 d5 1/2-1/2

[Event "18th Capablanca Memorial group B"]
[Site "Cienfuegos CUB"]
[Date "1983.05.??"]
[Round "2"]
[White "Vilela de Acuna, Jose Luis"]
[Black "Nogueiras Santiago, Jesus"]
[Result "0-1"]
[WhiteElo "2440"]
[BlackElo "2490"]
[EventDate "1983.05.??"]
[PlyCount "94"]

1.d4 Nf6 2.c4 e6 3.Nf3 c5 4.e3 cxd4 5.exd4 d5 6.Nc3 Bb4 7.cxd5 exd5 8.Bg5 
O-O 9.Bxf6 Qxf6 10.Be2 Nc6 11.O-O Rd8 12.Qb3 Be6 13.Rfd1 Rdc8 14.Rac1 Qe7 
15.a3 Ba5 16.Qc2 Bb6 17.b4 Qf6 18.Qd2 h6 19.b5 Na5 20.Qa2 Rc7 21.Qb2 Rac8 
22.h3 Nc4 23.Qb3 Nd6 24.Bd3 Ne4 25.Ne2 Rxc1 26.Nxc1 Bxd4 27.Nxd4 Qxf2+ 28.
Kh1 Qxd4 29.Bxe4 Qxe4 30.Qg3 Qb1 31.Qd3 Qxd3 32.Nxd3 Rc3 33.Nf4 Rxa3 34.
Nxd5 Bxd5 35.Rxd5 Ra5 36.Rd8+ Kh7 37.Ra8 f5 38.Kg1 b6 39.Kf2 g5 40.Rd8 
Rxb5 41.Rd7+ Kg6 42.Rxa7 Rb2+ 43.Kg1 f4 44.Rd7 Kh5 45.Rd6 b5 46.Kf1 b4 47.
Rb6 b3 0-1

[Event "18th Capablanca Memorial group B"]
[Site "Cienfuegos CUB"]
[Date "1983.05.??"]
[Round "3"]
[White "Garcia Martinez, Silvino"]
[Black "Vilela de Acuna, Jose Luis"]
[Result "1/2-1/2"]
[WhiteElo "2435"]
[BlackElo "2440"]
[EventDate "1983.05.??"]
[PlyCount "24"]

1.c4 c5 2.Nc3 g6 3.g3 Bg7 4.Bg2 Nc6 5.e3 e6 6.Nge2 Nge7 7.O-O O-O 8.d4 
cxd4 9.Nxd4 d5 10.cxd5 Nxd4 11.exd4 Nxd5 12.Nxd5 exd5 1/2-1/2

[Event "18th Capablanca Memorial group B"]
[Site "Cienfuegos CUB"]
[Date "1983.05.??"]
[Round "3"]
[White "Lukov, Valentin"]
[Black "Lebredo Zarragoitia, Gerardo"]
[Result "1/2-1/2"]
[WhiteElo "2430"]
[BlackElo "2350"]
[EventDate "1983.05.??"]
[PlyCount "54"]

1.e4 c5 2.Nf3 e6 3.d3 d5 4.Nbd2 Nc6 5.g3 Bd6 6.Bg2 Nge7 7.O-O Bc7 8.Re1 
O-O 9.Nf1 d4 10.Nh4 Ng6 11.Nxg6 fxg6 12.Nd2 e5 13.Rf1 Be6 14.Nf3 h6 15.Nh4
Kh7 16.Bf3 Qd7 17.Be2 Bh3 18.Ng2 g5 19.f3 Rf6 20.c4 Raf8 21.Bd2 Qf7 22.Qe1
a5 23.a3 Bd6 24.b3 b6 25.Rb1 Nd8 26.Rb2 Ne6 27.Bc1 g4 1/2-1/2

[Event "18th Capablanca Memorial group B"]
[Site "Cienfuegos CUB"]
[Date "1983.05.??"]
[Round "4"]
[White "Garcia Palermo, Carlos"]
[Black "Nogueiras Santiago, Jesus"]
[Result "1/2-1/2"]
[WhiteElo "2455"]
[BlackElo "2490"]
[EventDate "1983.05.??"]
[PlyCount "61"]

1.d4 Nf6 2.c4 e6 3.Nc3 Bb4 4.Qc2 d5 5.cxd5 Qxd5 6.Nf3 c5 7.Bd2 Bxc3 8.Bxc3
cxd4 9.Rd1 Qc5 10.Nxd4 e5 11.b4 Qe7 12.Nf3 Nbd7 13.e3 O-O 14.Bb2 Re8 15.
Bc4 Nb6 16.Bb3 Ne4 17.Nxe5 Be6 18.Bxe6 Qxe6 19.Bd4 f6 20.Nd3 Nc4 21.Qb3 b6
22.Nf4 Qf7 23.f3 Ned6 24.Kf2 a5 25.b5 a4 26.Qb4 Ra5 27.Rc1 Rxb5 28.Qxa4 
Ra5 29.Qb3 Ra3 30.Qb1 Nd2 31.Qxb6 1/2-1/2

[Event "18th Capablanca Memorial group B"]
[Site "Cienfuegos CUB"]
[Date "1983.05.??"]
[Round "4"]
[White "Vilela de Acuna, Jose Luis"]
[Black "Velez Betancourt, Nestor"]
[Result "1/2-1/2"]
[WhiteElo "2440"]
[BlackElo "2370"]
[EventDate "1983.05.??"]
[PlyCount "25"]

1.e4 e5 2.Nf3 Nc6 3.Bb5 g6 4.c3 Bg7 5.d4 exd4 6.cxd4 a6 7.Ba4 b5 8.Bb3 d6 
9.h3 Nge7 10.O-O O-O 11.a4 Na5 12.Bc2 b4 13.Nbd2 1/2-1/2

[Event "18th Capablanca Memorial group B"]
[Site "Cienfuegos CUB"]
[Date "1983.05.??"]
[Round "4"]
[White "Garcia Martinez, Silvino"]
[Black "Pinal Borges, Nelson"]
[Result "1/2-1/2"]
[WhiteElo "2435"]
[BlackElo "2405"]
[EventDate "1983.05.??"]
[PlyCount "51"]

1.e4 c5 2.Nf3 Nc6 3.d4 cxd4 4.Nxd4 g6 5.c4 d6 6.Nc3 Nf6 7.Be2 Nxd4 8.Qxd4 
Bg7 9.Bg5 h6 10.Be3 O-O 11.Qd2 Kh7 12.O-O Bd7 13.Rfd1 Bc6 14.Qc2 Qa5 15.
Bd4 Rac8 16.a3 a6 17.b4 Qc7 18.Rac1 b5 19.Qb1 Qb7 20.Nd5 bxc4 21.Bxf6 Bxf6
22.Nxf6+ exf6 23.Rxc4 Rce8 24.Bf3 f5 25.Rxd6 Bxe4 26.Qd1 1/2-1/2

[Event "18th Capablanca Memorial group B"]
[Site "Cienfuegos CUB"]
[Date "1983.05.??"]
[Round "4"]
[White "Lebredo Zarragoitia, Gerardo"]
[Black "Lukacs, Peter"]
[Result "1/2-1/2"]
[WhiteElo "2350"]
[BlackElo "2460"]
[EventDate "1983.05.??"]
[PlyCount "30"]

1.e4 e5 2.Nc3 Nc6 3.g3 Bc5 4.Bg2 a6 5.d3 d6 6.Nge2 Nge7 7.Nd5 Nxd5 8.exd5 
Ne7 9.d4 exd4 10.Nxd4 O-O 11.O-O Nf5 12.Nb3 Bb6 13.Qd3 Re8 14.Bd2 Bd7 15.
Rae1 Qf6 1/2-1/2

[Event "18th Capablanca Memorial group B"]
[Site "Cienfuegos CUB"]
[Date "1983.05.??"]
[Round "5"]
[White "Nogueiras Santiago, Jesus"]
[Black "Vogt, Lothar"]
[Result "1-0"]
[WhiteElo "2490"]
[BlackElo "2510"]
[EventDate "1983.05.??"]
[PlyCount "93"]

1.d4 Nf6 2.c4 d6 3.Nc3 Nbd7 4.e4 e5 5.Nge2 c6 6.g3 g6 7.Bg2 Bg7 8.O-O O-O 
9.h3 exd4 10.Nxd4 Re8 11.Be3 Nc5 12.Qc2 a5 13.Rad1 Nfd7 14.Nde2 Qe7 15.
Rfe1 Ne5 16.b3 Bxh3 17.Bxh3 Nf3+ 18.Kf1 Nxe1 19.Kxe1 a4 20.Bg2 axb3 21.
axb3 Ra3 22.b4 Nd7 23.f4 f5 24.Qb2 Rea8 25.Bd4 Bxd4 26.Nxd4 Nf6 27.Nc2 
R3a7 28.Ne3 fxe4 29.b5 Nd7 30.Qd2 Ra1 31.Nxe4 R8a2 32.Rxa1 Rxd2 33.Kxd2 d5
34.bxc6 dxe4 35.cxd7 Qxd7+ 36.Nd5 Kg7 37.Ra7 h5 38.Bxe4 Kh6 39.Ra3 Qd6 40.
Rb3 Qc5 41.Ne3 h4 42.gxh4 Qd4+ 43.Bd3 Qxf4 44.Rb6 Qh2+ 45.Be2 Qc7 46.Nd5 
Qh7 47.h5 1-0

[Event "18th Capablanca Memorial group B"]
[Site "Cienfuegos CUB"]
[Date "1983.05.??"]
[Round "6"]
[White "Lebredo Zarragoitia, Gerardo"]
[Black "Nogueiras Santiago, Jesus"]
[Result "1/2-1/2"]
[WhiteElo "2350"]
[BlackElo "2490"]
[EventDate "1983.05.??"]
[PlyCount "44"]

1.e4 e5 2.Nc3 Nc6 3.g3 Bc5 4.Bg2 d6 5.d3 a6 6.Nge2 h5 7.h3 Be6 8.Nd5 Qd7 
9.c3 Ba7 10.Be3 Bxd5 11.exd5 Nce7 12.Bxa7 Rxa7 13.d4 Nf6 14.dxe5 dxe5 15.
Qd2 Nfxd5 16.O-O-O Nb6 17.f4 Qxd2+ 18.Rxd2 Nc4 19.Rd3 exf4 20.Rhd1 O-O 21.
Nxf4 Nf5 22.Re1 Nfd6 1/2-1/2

[Event "18th Capablanca Memorial group B"]
[Site "Cienfuegos CUB"]
[Date "1983.05.??"]
[Round "6"]
[White "Garcia Martinez, Silvino"]
[Black "Lukacs, Peter"]
[Result "1/2-1/2"]
[WhiteElo "2435"]
[BlackElo "2460"]
[EventDate "1983.05.??"]
[PlyCount "23"]

1.e4 e5 2.Nf3 Nc6 3.Bb5 a6 4.Ba4 Nf6 5.O-O Be7 6.Bxc6 dxc6 7.d3 Nd7 8.Nbd2
f6 9.Nc4 Nc5 10.Ne3 g6 11.b3 O-O 12.Bb2 1/2-1/2

[Event "18th Capablanca Memorial group B"]
[Site "Cienfuegos CUB"]
[Date "1983.05.??"]
[Round "6"]
[White "Vogt, Lothar"]
[Black "Velez Betancourt, Nestor"]
[Result "0-1"]
[WhiteElo "2510"]
[BlackElo "2370"]
[EventDate "1983.05.??"]
[PlyCount "80"]

1.e4 e6 2.d3 d5 3.Nd2 Nf6 4.Ngf3 c5 5.g3 Nc6 6.Bg2 Be7 7.O-O O-O 8.Re1 Qc7
9.Qe2 dxe4 10.dxe4 e5 11.c3 h6 12.Nh4 Be6 13.Nf5 Rfd8 14.Nf1 Bf8 15.Qf3 
Nh7 16.h4 Qc8 17.Nh2 Ne7 18.Ne3 Nf6 19.b3 b5 20.Bb2 Nc6 21.Rad1 Qa6 22.Nd5
Qxa2 23.Nxf6+ gxf6 24.Bc1 Bg7 25.Ng4 Bxg4 26.Qxg4 Kf8 27.Be3 Qxb3 28.Bxc5+
Kg8 29.Be3 Qe6 30.Qh5 Rxd1 31.Rxd1 a5 32.Bxh6 Bxh6 33.Qxh6 a4 34.Kh2 Ne7 
35.Bh3 Qb6 36.Kg2 a3 37.Qh5 a2 38.Qg4+ Kf8 39.Ra1 b4 40.cxb4 Qxb4 0-1

[Event "18th Capablanca Memorial group B"]
[Site "Cienfuegos CUB"]
[Date "1983.05.??"]
[Round "7"]
[White "Lukacs, Peter"]
[Black "Pinal Borges, Nelson"]
[Result "1-0"]
[WhiteElo "2460"]
[BlackElo "2405"]
[EventDate "1983.05.??"]
[PlyCount "43"]

1.e4 Nf6 2.c4 g6 3.Nc3 Bg7 4.d4 d6 5.Be2 O-O 6.Bg5 c6 7.Qd2 Nbd7 8.Nf3 e5 
9.Rd1 exd4 10.Nxd4 Nc5 11.f3 Qb6 12.Be3 a5 13.O-O a4 14.Rb1 Nfd7 15.Rfd1 
Qa5 16.Kh1 Re8 17.Bh6 Bh8 18.Nf5 Nf8 19.Nxd6 Rd8 20.f4 Nfe6 21.e5 Qc7 22.
Qe3 1-0

[Event "18th Capablanca Memorial group B"]
[Site "Cienfuegos CUB"]
[Date "1983.05.??"]
[Round "7"]
[White "Velez Betancourt, Nestor"]
[Black "Lebredo Zarragoitia, Gerardo"]
[Result "1/2-1/2"]
[WhiteElo "2370"]
[BlackElo "2350"]
[EventDate "1983.05.??"]
[PlyCount "64"]

1.Nf3 Nf6 2.g3 c5 3.Bg2 e6 4.O-O Be7 5.d3 Nc6 6.e4 d5 7.Qe2 b6 8.e5 Nd7 9.
Nc3 Ba6 10.a4 Rc8 11.Nb5 h6 12.c4 d4 13.h4 Bb7 14.Nh2 a6 15.Na7 Rc7 16.
Nxc6 Bxc6 17.Bxc6 Rxc6 18.Re1 a5 19.Qg4 g6 20.h5 g5 21.Qe4 Qa8 22.Ng4 Rc8 
23.Qe2 Kd8 24.Rf1 Kc7 25.f4 Rcf8 26.Bd2 Qc6 27.Rf2 Kd8 28.b3 Kc8 29.Raf1 
Rh7 30.f5 Rhh8 31.fxe6 fxe6 32.Rxf8+ Rxf8 1/2-1/2

[Event "18th Capablanca Memorial group B"]
[Site "Cienfuegos CUB"]
[Date "1983.05.??"]
[Round "7"]
[White "Nogueiras Santiago, Jesus"]
[Black "Vera Gonzalez, Reynaldo"]
[Result "1/2-1/2"]
[WhiteElo "2490"]
[BlackElo "2420"]
[EventDate "1983.05.??"]
[PlyCount "52"]

1.d4 d5 2.c4 e6 3.Nf3 c5 4.cxd5 exd5 5.g3 Nc6 6.Bg2 Nf6 7.O-O Be7 8.Nc3 
O-O 9.Bg5 Be6 10.dxc5 Bxc5 11.Rc1 Bb6 12.b3 d4 13.Ne4 Qe7 14.Nxf6+ gxf6 
15.Bh4 Rad8 16.Qd2 Kg7 17.Rfd1 Bf5 18.Qf4 Qe4 19.Bxf6+ Kxf6 20.Qg5+ Ke6 
21.Qh6+ Kd7 22.Nh4 Qe6 23.Nxf5 Qxh6 24.Nxh6 f5 25.Bh3 Ke6 26.g4 fxg4 
1/2-1/2

[Event "18th Capablanca Memorial group B"]
[Site "Cienfuegos CUB"]
[Date "1983.05.??"]
[Round "7"]
[White "Lukov, Valentin"]
[Black "Vilela de Acuna, Jose Luis"]
[Result "1-0"]
[WhiteElo "2430"]
[BlackElo "2440"]
[EventDate "1983.05.??"]
[PlyCount "77"]

1.d4 Nf6 2.c4 e6 3.Nc3 Bb4 4.e3 c5 5.Ne2 cxd4 6.exd4 O-O 7.a3 Be7 8.d5 
exd5 9.cxd5 Re8 10.Be3 d6 11.h3 Bf8 12.g4 Ne4 13.Nxe4 Rxe4 14.Bg2 Rxe3 15.
fxe3 Qh4+ 16.Kd2 Nd7 17.Nd4 Ne5 18.Qe2 Bd7 19.Rac1 a6 20.Kc2 Bb5 21.Nxb5 
axb5 22.Bf1 b4 23.axb4 g6 24.Kb1 Bg7 25.Rh2 Qe7 26.Qb5 Nf3 27.Rhc2 h6 28.
Qe2 Qf6 29.Bg2 Ne5 30.Rc8+ Rxc8 31.Rxc8+ Kh7 32.Rc2 Qh4 33.e4 Qg3 34.Rc3 
Qh2 35.Qf1 b5 36.Qh1 Qf4 37.Qc1 Qh2 38.Bf1 Nf3 39.Rxf3 1-0

[Event "18th Capablanca Memorial group B"]
[Site "Cienfuegos CUB"]
[Date "1983.05.??"]
[Round "8"]
[White "Vera Gonzalez, Reynaldo"]
[Black "Velez Betancourt, Nestor"]
[Result "1-0"]
[WhiteElo "2420"]
[BlackElo "2370"]
[EventDate "1983.05.??"]
[PlyCount "59"]

1.e4 e5 2.f4 exf4 3.Bc4 Nf6 4.Nc3 d6 5.d4 Bg4 6.Nf3 Nc6 7.Bxf4 Qe7 8.O-O 
O-O-O 9.Bg5 Re8 10.Qd2 h6 11.Bxf6 gxf6 12.Nh4 h5 13.Nf5 Bxf5 14.Rxf5 Bh6 
15.Qf2 d5 16.Bxd5 Qb4 17.Bxc6 bxc6 18.Rc5 Rd8 19.Rxc6 Qxd4 20.Rxc7+ Kb8 
21.Qxd4 Rxd4 22.Rxf7 Rd2 23.Re1 Rxc2 24.Re2 Rc1+ 25.Kf2 Bg5 26.Nd5 Rc6 27.
b4 a6 28.a4 Rc4 29.b5 Rxa4 30.bxa6 1-0

[Event "18th Capablanca Memorial group B"]
[Site "Cienfuegos CUB"]
[Date "1983.05.??"]
[Round "8"]
[White "Garcia Martinez, Silvino"]
[Black "Nogueiras Santiago, Jesus"]
[Result "1/2-1/2"]
[WhiteElo "2435"]
[BlackElo "2490"]
[EventDate "1983.05.??"]
[PlyCount "36"]

1.e4 e5 2.Nf3 Nc6 3.Bb5 a6 4.Ba4 Nf6 5.O-O Be7 6.Re1 b5 7.Bb3 O-O 8.c3 Bb7
9.d4 d6 10.Nbd2 Kh8 11.Nf1 exd4 12.cxd4 d5 13.e5 Ne4 14.Ng3 Na5 15.Bc2 f5 
16.exf6 Bxf6 17.Nxe4 dxe4 18.Rxe4 c5 1/2-1/2

[Event "18th Capablanca Memorial group B"]
[Site "Cienfuegos CUB"]
[Date "1983.05.??"]
[Round "8"]
[White "Lebredo Zarragoitia, Gerardo"]
[Black "Garcia Palermo, Carlos"]
[Result "1/2-1/2"]
[WhiteElo "2350"]
[BlackElo "2455"]
[EventDate "1983.05.??"]
[PlyCount "79"]

1.e4 c6 2.d4 d5 3.Nd2 dxe4 4.Nxe4 Bf5 5.Ng3 Bg6 6.h4 h6 7.Nh3 Nf6 8.Bc4 e6
9.Nf4 Bh7 10.Qe2 Bd6 11.Ngh5 O-O 12.Be3 Nbd7 13.O-O-O Nxh5 14.Nxh5 Nf6 15.
Bd3 Nxh5 16.Qxh5 Qf6 17.Rh3 Bf5 18.Bxf5 exf5 19.Bd2 Rae8 20.Rf3 f4 21.Rb3 
Re7 22.Qg4 Rfe8 23.Rf3 Re4 24.Bc3 Qg6 25.Qxg6 fxg6 26.d5 c5 27.Rfd3 b5 28.
a3 Kf7 29.b4 c4 30.Rf3 g5 31.hxg5 hxg5 32.Rh3 Kg6 33.Rdh1 Be5 34.Bxe5 
R4xe5 35.Rd1 Rd8 36.d6 a6 37.a4 Rd7 38.axb5 axb5 39.Ra3 Kf6 40.g3 1/2-1/2

[Event "18th Capablanca Memorial group B"]
[Site "Cienfuegos CUB"]
[Date "1983.05.??"]
[Round "8"]
[White "Lukov, Valentin"]
[Black "Lukacs, Peter"]
[Result "1/2-1/2"]
[WhiteElo "2430"]
[BlackElo "2460"]
[EventDate "1983.05.??"]
[PlyCount "79"]

1.e4 e5 2.Nf3 Nc6 3.Bb5 a6 4.Ba4 Nf6 5.O-O Nxe4 6.d4 b5 7.Bb3 d5 8.dxe5 
Be6 9.Nbd2 Nc5 10.c3 Bg4 11.Bc2 Be7 12.Re1 Qd7 13.Nf1 Rd8 14.h3 Bh5 15.Ng3
Bg6 16.Nd4 Nxd4 17.cxd4 Ne6 18.Nf5 c5 19.Be3 O-O 20.Rc1 Rc8 21.dxc5 Bxc5 
22.Bxc5 Rxc5 23.Nd6 Qc7 24.Bxg6 fxg6 25.b4 Rc4 26.a4 d4 27.axb5 axb5 28.
Rxc4 bxc4 29.Qc2 d3 30.Qxc4 Qxc4 31.Nxc4 Rf4 32.Nd2 Rxb4 33.Nf3 Kf7 34.Rd1
Rb3 35.Nd2 Ra3 36.Nc4 Rc3 37.Nd6+ Ke7 38.Ne4 Ra3 39.f3 Nf4 40.Nf2 1/2-1/2

[Event "18th Capablanca Memorial group B"]
[Site "Cienfuegos CUB"]
[Date "1983.05.??"]
[Round "9"]
[White "Velez Betancourt, Nestor"]
[Black "Garcia Martinez, Silvino"]
[Result "1/2-1/2"]
[WhiteElo "2370"]
[BlackElo "2435"]
[EventDate "1983.05.??"]
[PlyCount "24"]

1.c4 c5 2.Nc3 Nf6 3.g3 g6 4.Bg2 Bg7 5.e4 Nc6 6.Nge2 O-O 7.d3 d6 8.h3 Ne8 
9.O-O Rb8 10.Bg5 Nc7 11.Qd2 b5 12.Rab1 bxc4 1/2-1/2

[Event "18th Capablanca Memorial group B"]
[Site "Cienfuegos CUB"]
[Date "1983.05.??"]
[Round "9"]
[White "Nogueiras Santiago, Jesus"]
[Black "Pinal Borges, Nelson"]
[Result "1/2-1/2"]
[WhiteElo "2490"]
[BlackElo "2405"]
[EventDate "1983.05.??"]
[PlyCount "89"]

1.d4 Nf6 2.c4 d6 3.Nc3 Nbd7 4.e4 e5 5.Nge2 g6 6.f3 Bg7 7.Bg5 c6 8.Qd2 a6 
9.d5 cxd5 10.cxd5 b5 11.Ng3 O-O 12.Be2 Qb6 13.Be3 Qa5 14.O-O b4 15.Nd1 Nc5
16.Nf2 Rb8 17.Rfc1 Bd7 18.Bd1 Rfc8 19.a4 h5 20.b3 Be8 21.Bc2 Rb7 22.Nd1 
Qd8 23.Rab1 a5 24.Nb2 Rbc7 25.Bg5 Qe7 26.Bd1 Qf8 27.Qe2 Nh7 28.Bd2 Bh6 29.
Nf1 Bxd2 30.Nxd2 f5 31.Nbc4 Nb7 32.Qe3 Rc5 33.f4 exf4 34.Qxf4 fxe4 35.
Qxf8+ Kxf8 36.Nxe4 Rxd5 37.Bf3 Rd4 38.Rd1 Rxd1+ 39.Rxd1 Rd8 40.Nf2 Nc5 41.
Nxa5 Bf7 42.Nd3 Nxb3 43.Nb7 Rb8 44.Nxb4 d5 45.Rb1 1/2-1/2

[Event "18th Capablanca Memorial group B"]
[Site "Cienfuegos CUB"]
[Date "1983.05.??"]
[Round "10"]
[White "Pinal Borges, Nelson"]
[Black "Velez Betancourt, Nestor"]
[Result "1/2-1/2"]
[WhiteElo "2405"]
[BlackElo "2370"]
[EventDate "1983.05.??"]
[PlyCount "29"]

1.e4 e5 2.Nf3 Nf6 3.Nc3 Nc6 4.Bb5 d6 5.d4 exd4 6.Qxd4 Bd7 7.Bxc6 Bxc6 8.
Bg5 Be7 9.O-O-O O-O 10.Rhe1 Re8 11.Qd3 Nd7 12.Bxe7 Qxe7 13.Nd5 Bxd5 14.
exd5 Ne5 15.Nxe5 1/2-1/2

[Event "18th Capablanca Memorial group B"]
[Site "Cienfuegos CUB"]
[Date "1983.05.??"]
[Round "11"]
[White "Garcia Palermo, Carlos"]
[Black "Pinal Borges, Nelson"]
[Result "1/2-1/2"]
[WhiteElo "2455"]
[BlackElo "2405"]
[EventDate "1983.05.??"]
[PlyCount "24"]

1.e4 e5 2.Nf3 Nf6 3.Nxe5 d6 4.Nf3 Nxe4 5.Qe2 Qe7 6.d3 Nf6 7.Bg5 Qxe2+ 8.
Bxe2 Be7 9.Nc3 c6 10.O-O Na6 11.Rfe1 Nc7 12.Ne4 Nxe4 1/2-1/2

[Event "18th Capablanca Memorial group B"]
[Site "Cienfuegos CUB"]
[Date "1983.05.??"]
[Round "11"]
[White "Velez Betancourt, Nestor"]
[Black "Lukov, Valentin"]
[Result "1-0"]
[WhiteElo "2370"]
[BlackElo "2430"]
[EventDate "1983.05.??"]
[PlyCount "81"]

1.Nf3 Nf6 2.b3 d5 3.Bb2 Bf5 4.g3 e6 5.Bg2 h6 6.O-O Be7 7.d3 O-O 8.Nfd2 c5 
9.e4 Bh7 10.c4 dxe4 11.dxe4 Nc6 12.Na3 Qd3 13.e5 Nd7 14.Re1 Nb6 15.Ne4 
Rad8 16.Qxd3 Rxd3 17.Nb5 Nc8 18.Ba3 Nb4 19.Bxb4 cxb4 20.Rad1 Rfd8 21.Rxd3 
Rxd3 22.c5 Rd8 23.Nbd6 b6 24.Nb7 Bxe4 25.Bxe4 Rd7 26.c6 Rd2 27.Rc1 f5 28.
Bf3 a5 29.c7 Rd3 30.Rd1 Rxd1+ 31.Bxd1 Kf7 32.Be2 Bc5 33.Ba6 Na7 34.Nd6+ 
Ke7 35.c8=Q Nxc8 36.Nxc8+ Kd7 37.Na7 b5 38.Bxb5+ Kc7 39.Nc6 g5 40.Ba4 Kb6 
41.Nd8 1-0

[Event "18th Capablanca Memorial group B"]
[Site "Cienfuegos CUB"]
[Date "1983.05.??"]
[Round "11"]
[White "Lebredo Zarragoitia, Gerardo"]
[Black "Vera Gonzalez, Reynaldo"]
[Result "1/2-1/2"]
[WhiteElo "2350"]
[BlackElo "2420"]
[EventDate "1983.05.??"]
[PlyCount "20"]

1.d4 d5 2.c4 e6 3.Nc3 Nf6 4.Bg5 Be7 5.e3 h6 6.Bh4 O-O 7.Nf3 b6 8.Bd3 Bb7 
9.O-O Nbd7 10.cxd5 exd5 1/2-1/2